Nagy magyar pedagógusok Brunszvik Teréz (1775-1861)

Bibliographic Details
Main Author: Szeberényiné, Judit Z., 1932- (Author)
Format: Article
Language:Hungarian
PhysicalDescription:Obr. 1
Subjects:

MARC

LEADER 00000nab a2200000 a 4500
001 vtls000643793
005 20260423102925.0
008 141024c1997 xo 0 hun
015 |a SNBRB19rr/mm-uuuuu 
035 |a CL0643932 
040 |a SNKBUCL  |b slo  |c SNKBUCL  |e AACR2 
041 0 |a hun 
044 |a xo  |c SK 
080 |a 373.2-051"17/18"  |2 1981 
100 1 |a Szeberényiné, Judit Z.,  |d 1932-  |4 aut  |9 375217 
245 1 0 |a Nagy magyar pedagógusok  |b Brunszvik Teréz (1775-1861)  |c Judit Z. Szeberényiné 
300 |b Obr. 1 
600 1 7 |a Brunšviková, Terézia,  |d 1775-1861  |2 SNKMA  |9 1637509 
655 7 |a články z novín a časopisov  |2 snkbucl  |9 267496 
773 0 |t Katedra  |g Roč. 5, č. 3 (1997), s. 2 
852 |a SNK 
958 |a HU 
958 |a SK 
958 |a NX 
958 |a RK 
999 |c 1424035  |d 1425965